Missing Word: '80s Disney Quiz Stats

 Plays Quiz Updated Jul 9, 2013

Support Sporcle.
Go Orange.
Score 0/16 Timer 04:00
0 Plays Today
Disney Feature Word % Correct
Honey, I _____ the KidsShrunk
96%
The Fox and the _____Hound
94.5%
The Great _____ DetectiveMouse
85.4%
The _____ CauldronBlack
79.1%
Never _____ WolfCry
75%
Oliver & _____Company
74.9%
The Little _____Mermaid
67.3%
Something _____ This Way ComesWicked
59.4%
Disney Feature Word % Correct
The Last Flight of _____ ArkNoah's
52.2%
_____ Goes BananasHerbie
41.2%
_____ to Snowy RiverReturn
37.9%
The Watcher in the _____Woods
30.6%
Flight of the _____Navigator
26.8%
Return to _____Oz
25.9%
The Journey of Natty _____Gann
19.6%
_____ Magic ChristmasOne
16.6%

Today's Daily Dose

Missing Word
'80s Musicals

Word Ladder
Hereditary

Get the Picture
Food Names

From the Vault

US Presidents by Numbers

by knightlancer

History 4m
The President is supposed to be a person we can count on.
Remove Ads.
Support Sporcle.
Get the best of Sporcle when you Go Orange. This ad-free experience offers more features, more stats, and more fun while also helping to support Sporcle. Thank you for becoming a member.

Show Comments

Extras

Top Quizzes Today


Score Distribution

Your Account Isn't Verified!

In order to create a playlist on Sporcle, you need to verify the email address you used during registration. Go to your Sporcle Settings to finish the process.

Report this User

Report this user for behavior that violates our Community Guidelines.

Details: